A Pictorial History of the World War I (Record no. 48950)
[ view plain ]
| 000 -LEADER | |
|---|---|
| fixed length control field | 00280nam a22001217a 4500 |
| 008 - FIXED-LENGTH DATA ELEMENTS--GENERAL INFORMATION | |
| fixed length control field | 181006b xxu||||| |||| 00| 0 eng d |
| 041 ## - LANGUAGE CODE | |
| Language code of text/sound track or separate title | eng |
| 080 ## - UNIVERSAL DECIMAL CLASSIFICATION NUMBER | |
| Universal Decimal Classification number | 941 |
| 100 ## - Rafti | |
| Rafti | 17 |
| 101 ## - Shkurtesa | |
| Shkurtesa | HIS |
| 245 ## - TITLE STATEMENT | |
| Title | A Pictorial History of the World War I |
| Statement of responsibility, etc | Jablonski, E |
| 942 ## - ADDED ENTRY ELEMENTS (KOHA) | |
| Source of classification or shelving scheme | |
| Item type | Books |
No items available.